000 00987nas a2200337 4500
001 BR2010005607
003 BR-BrBNA
005 20231205114822.0
007 ta
008 230509b bl.|||p| |||| 00| 00por d
040 _aBR-BrBNA
_bpor
_cBiblioteca Nacional de Agricultura
041 _a(Pt)
072 _aQ03
100 1 _aArbos, K.A.
100 1 _aFerrari, F.J.
100 1 _aMarcellino, T.G.
100 1 _aCarvalho, L.A.
100 1 _aFreitas, R.S. de
245 1 _aAvaliação microbiológica de alface e água de irrigação das hortas do projeto verde - SESC/MS
650 _aALFACE
650 _aÁGUA
650 _aIRRIGAÇÃO
650 _aCONTAMINAÇÃO
650 _aCOLIFORME
650 _aSAMONELLA
650 _aBACTÉRIA
650 _aANÁLISE MICROBIOLÓGICA
773 0 _tHigiene Alimentar (Brazil)
_xISSN 0101-9171
_g(Jul-Aug 2010), v. 24(186/187) p. 69-74
_wBR2010005607
909 _a202311
_bLúcia
_c55
_dLúcia Elande
942 _2AGRIS
_n0
_cANA
999 _c210653
_d210653